00562nam a2200229Ia 450000500170000000800460001702000180006303700100008104000080009104000080009904000080010704100080011504100080012308400080013110000150013924500800015426000230023426000090025736500050026636500080027185600530027920260324131054.0008 260324s9999 xx 000 0 eng d a9781315084541 aEBOOK aCRL beng cCRL 2eng aeng qCRL aMark Berry 0aTreacherous Bonds and Laughing Fire: Politics and Religion in Wagner's Ring bTaylor and Francis c2006 a b230 uhttp://www.taylorfrancis.com/books/9781315084541